| 000 | 00689nam a2200205Ia 4500 | ||
|---|---|---|---|
| 005 | 20250603104450.0 | ||
| 008 | 210716s2009 xx 000 0 und d | ||
| 020 | _a8179924181 | ||
| 040 | _cAIMIT LIBRARY | ||
| 041 | _aeng | ||
| 082 |
_a658.4092 _21 _bREDB |
||
| 100 |
_aReddy, B Rathan. _9212499 |
||
| 245 |
_aTeam development and leadership / _cBy B Rathan Reddy |
||
| 250 | _a1st ed. | ||
| 260 |
_aMumbai : _bJaico Publishing House , _c2009. |
||
| 300 |
_axiv,656p. ; _bPB _c24 cm. |
||
| 650 |
_aMotivation for enhancing employee morale for team building _9212500 |
||
| 650 |
_aLeadership styles and its impact for team building _9212501 |
||
| 942 |
_2ddc _cBK _e1st ed. _k658.4092 REDB |
||
| 999 |
_c208631 _d208631 |
||